Представление документа в формате RUSMARC

ПолеНазваниеЗначение
  Тип записи a
  Библиографический уровень m
001 Контрольный номер RU/SLIB/B/208704295
005 Дата корректировки 20231128163048.8
010 Индекс ISBN __
d Цена 1-00
100 Данные общей обработки __
a Данные общей обработки 20220126d1988 ma y0rusy028902 ca
101 Язык документа 1_
a Язык текста rus
c Язык оригинала ger
102 Страна публикации __
a Страна публикации RU
105 Кодированные данные (монография) __
a Кодированные данные (монография) a z 000yy
181 Поле кодированных данных: вид содержания _0
a Код вида содержания (ISBD) i
182 Поле кодированных данных: тип средства _0
a Код типа средства (ISBD) n
200 Заглавие и сведения об ответственности 0_
a Заглавие Проектирование детских игровых площадок
f Первые сведения об ответственности Г. Агде, А. Нагель, Ю. Рихтер ; под ред. В. А. Коссаковского ; перевод с нем. Д. Е. Зюзюкова
b Общее обозначение материала Текст
210 Выходные данные 1_
a Место издания М.
c Издательство Стройиздат
d Дата издания 1988
215 Физическое описание __
a Объем 88 с.
c Иллюстрации/тип воспроизводства ил.
606 Тематические рубрики __
a Основная рубрика Строительство
2 Код системы nlr_sh
606 Тематические рубрики __
a Основная рубрика Строительные конструкции
2 Код системы nlr_sh
610 Ключевые слова 0_
a Ключевые слова дети; детские площадки; игровые площадки
610 Ключевые слова 0_
a Ключевые слова строительство детских площадок
686 Индексы других классификаций __
2 Код системы rubbks
a Классификационный индекс 38.5
700 Автор _1
a Фамилия Агде
b Имя Г.
4 Код отношения 070
g Полное личное имя Георг
701 Альтернативная интеллектуальная ответственность _1
a Фамилия Нагель
b Имя А.
g Полное личное имя Альфред
4 Код отношения 070
701 Альтернативная интеллектуальная ответственность _1
a Фамилия Рихтер
b Имя Ю.
g Полное личное имя Юлиан
4 Код отношения 070
702 Вторичная интеллектуальная ответственность _1
a Фамилия Зюзюков
b Имя Д. Е.
4 Код отношения 730
702 Вторичная интеллектуальная ответственность _1
a Фамилия Коссаковского
b Имя В. А.
4 Код отношения 340
801 Источник записи _0
a Страна RU
b Организация Муниципальное бюджетное учреждение культуры "Централизованная библиотечная система" г. Сургут (Центральная городская библиотека им. А. С. Пушкина)
c Дата составления 20081027
g Правила каталогизации PSBO
801 Источник записи _1
a Страна RU
b Организация Муниципальное бюджетное учреждение культуры "Централизованная библиотечная система" г. Сургут (Центральная городская библиотека им. А. С. Пушкина)
c Дата составления 20081027
g Правила каталогизации PSBO
852 Данные о местонахождении __
j Шифр хранения 38.5
c Каталожный индекс 38.5
i Авторский знак А 23
p Инвентарный номер 33725
901 Тип документа __
t Тип документа m
a Ответственный КиК/Трушникова
901 Тип документа __
a Ответственный СКБР2023
903 Характеристики (МАРС) __
a Дата передачи 20081027
c Наименование библиотеки (МАРС) Муниципальное бюджетное учреждение культуры "Централизованная библиотечная система" г. Сургут (Центральная городская библиотека им. А. С. Пушкина)
990 Данные о заказе (DOS) 00
j Количество экземпляров (DOS) 1